000 00559nam a22001815i 4500
001 166988
003 ES-MaACL
005 20230906213434.0
008 050922s1873 gw | |||||||| ||ger d
040 _aCAM
_bspa
_cCAM
100 1 _aVanicek, Alois.
_9133547
245 1 0 _aElementar Grammatik der lateinischen Sprache /
_cvon Alois Vanicek.
260 _aLeipzig :
_bB.G. Teubner,
_c1873.
300 _aVI, 260 p. ;
_c21 cm.
650 4 _aLengua latina-
_xGramática.
_914300
752 _aAlemania -
_dLeipzig
852 _aES-MaACL
_jG-1208
_z-- Enc. hol.
999 _c166988
_d166988